[Event "GER-ch U14 DEM op"]
[Site "Oberhof"]
[Date "2010.05.28"]
[Round "7"]
[White "Strauch, Nicholas"]
[Black "Schnabel, Bennett"]
[Result "1/2-1/2"]
[WhiteElo "1231"]
[BlackElo "1043"]
[PlyCount "29"]
[EventDate "2010.05.23"]
[EventType "swiss"]
[EventRounds "7"]
[EventCountry "GER"]
[SourceTitle "CBM 136 Extra"]
[Source "ChessBase"]
[SourceDate "2010.07.02"]
[SourceVersion "2"]
[SourceVersionDate "2010.07.15"]
[SourceQuality "1"]

1. e4 e5 2. Nf3 Nc6 3. d4 exd4 4. Nxd4 Nxd4 5. Qxd4 d6 6. Bc4 Nf6 7. Nc3 Be7 8. 0-0 0-0 9. Bf4 a6 10. a4 Bg4 11. Rfe1 Bh5 12. Re3 Nd7 13. Nd5 Bg6 14. c3 Bf6 15. Nxf6+ 1/2-1/2

[Event "GER-ch U14 DEM op"]
[Site "Oberhof"]
[Date "2010.05.26"]
[Round "4"]
[White "Strauch, Nicholas"]
[Black "Dittrich, Tom"]
[Result "1-0"]
[WhiteElo "1231"]
[BlackElo "1074"]
[PlyCount "41"]
[EventDate "2010.05.23"]
[EventType "swiss"]
[EventRounds "7"]
[EventCountry "GER"]
[SourceTitle "CBM 136 Extra"]
[Source "ChessBase"]
[SourceDate "2010.07.02"]
[SourceVersion "2"]
[SourceVersionDate "2010.07.15"]
[SourceQuality "1"]

1. e4 c5 2. Nc3 d6 3. g3 Nc6 4. Bg2 Nf6 5. d3 g6 6. f4 Bg7 7. Nf3 Nd7 8. 0-0 0-0 9. h3 a6 10. g4 b5 11. Qe1 Bb7 12. f5 Qc7 13. Qh4 Rab8 14. Bh6 Bxh6 15. Qxh6 Nf6 16. Ng5 Nd4 17. fxg6 fxg6 18. Nd5 Bxd5 19. exd5 Nxc2 20. Ne6 Qb6 21. Qg7# 1-0

[Event "GER-ch U14 DEM op"]
[Site "Oberhof"]
[Date "2010.05.25"]
[Round "3"]
[White "Triantafillidis, Zoe"]
[Black "Strauch, Nicholas"]
[Result "1/2-1/2"]
[WhiteElo "1044"]
[BlackElo "1231"]
[PlyCount "60"]
[EventDate "2010.05.23"]
[EventType "swiss"]
[EventRounds "7"]
[EventCountry "GER"]
[SourceTitle "CBM 136 Extra"]
[Source "ChessBase"]
[SourceDate "2010.07.02"]
[SourceVersion "2"]
[SourceVersionDate "2010.07.15"]
[SourceQuality "1"]

1. e4 c5 2. Nf3 g6 3. d4 cxd4 4. Nxd4 Bg7 5. Be3 Nc6 6. c3 Nf6 7. Nd2 0-0 8. Bc4 d6 9. 0-0 Ng4 10. Qe2 Nxe3 11. Qxe3 Bd7 12. N2f3 Ne5 13. Nxe5 Bxe5 14. f4 Bg7 15. Kh1 Bh6 16. Qf3 Rc8 17. Bd3 Bg7 18. Rac1 Qb6 19. Nb3 Ba4 20. Bc2 Rc7 21. h3 h5 22. f5 Qa6 23. Bd3 Bb5 24. Bxb5 Qxb5 25. Qf2 a5 26. Nd4 Qa6 27. Qg3 Kh7 28. fxg6+ fxg6 29. Rxf8 Bxf8 30. Ne6 Rc8 1/2-1/2